| 000 | 01106nam a2200361 c 4500 | ||
|---|---|---|---|
| 001 | 23856 | ||
| 003 | ES-MaCES | ||
| 005 | 20141221122854.0 | ||
| 008 | 110621s2011 xxu t 000 | eng d | ||
| 020 | _a9780230289208 | ||
| 035 | _aCES20110005173m | ||
| 040 |
_aES-MaCES _bspa _cES-MaCES |
||
| 100 | 1 |
_aVisser, Mirella _926005 |
|
| 245 | 1 | 4 |
_aThe female leadership paradox _b: power, perfomance, and promotion _cMirella Visser |
| 250 | _a1st ed | ||
| 260 |
_aBasingstoke _bPalgrave Macmillan _c2011 |
||
| 300 |
_aXII, 158 p. _c24 cm |
||
| 500 | _aÍndices | ||
| 541 | _cCompra | ||
| 650 | 4 |
_amujeres _928657 |
|
| 650 | 4 |
_apotenciación de las mujeres _930610 |
|
| 650 | 4 |
_aliderazgo _927293 |
|
| 650 | 4 |
_aalta dirección _928192 |
|
| 650 | 4 |
_aorientación profesional _927465 |
|
| 650 | 4 |
_adesarrollo de la carrera _929403 |
|
| 650 | 4 |
_aplanificación de carrera _929406 |
|
| 650 | 4 |
_aascenso _928217 |
|
| 650 | 4 |
_arepertorio de recomendaciones prácticas _929261 |
|
| 653 | 1 | 0 | _aMujer |
| 902 | _aLIB Libro | ||
| 942 |
_2CES _cBK _h3.3. |
||
| 999 |
_c23856 _d23856 |
||